- Martínez López-Cano, María del Pilar
Entry Nombre Personal
001 - NUMERO DE CONTROL
- campo de control: 47156
003 - IDENTIFICADOR DE NUMERO DE CONTROL
- campo de control: DLC
005 - FECHA Y HORA DE LA ÜLTIMA TRANSACCIÓN
- campo de control: 20221019191715.0
008 - DATOS DE LONGITUD FIJA
- campo de control de longitud fija: 221019n| azannaabn |a aaa
010 ## - NÚMERO DE CONTROL DE LA BIBLIOTECA DEL CONGRESO
- Número de control LC: n 96104370
035 ## - NUMERO DE CONTROL
- Número de control: (OCoLC)oca04193477
035 ## - NUMERO DE CONTROL
- Número de control: (CaEvSKY)skya4325308
040 ## - FUENTE DE CATALOGACIÓN
- Agencia original de catalogación: DLC
- Lenguaje de catalogación: spa
- Description conventions: rda
- Agencia de transcripción: DLC
- Agencia que lo modifica: DLC
- Agencia que lo modifica: OCoLC
- Agencia que lo modifica: UPB
- Agencia que lo modifica: DLC
- Agencia que lo modifica: MX-MxCID
- Agencia que lo modifica: DLC
- Agencia que lo modifica: MX-MxUPN
100 1# - ENCABEZAMIENTO - NOMBRE PERSONAL
- Nombre personal: Martínez López-Cano, María del Pilar
371 ## - DIRECCIÓN
- Electronic mail address: malop@unam.mx
372 ## - CAMPO DE ACTIVIDAD
- Field of activity: Mexico -- Historia -- Colonia -- 1521-1821
- Fuente del término: lemb
373 ## - GRUPO ASOCIADO
- Associated group: Universidad Nacional Autónoma de México. Instituto de Investigaciones Históricas
- Associated group: Universidad Nacional Autónoma de México. Facultad de Filosofía y Letras
- Fuente del término: naf
374 ## - OCUPACIÓN
- Occupation: Profesora
- Occupation: Investigadora
375 ## - GÉNERO
- Gender: femenino
377 ## - LENGUA ASOCIADA
- Language code: spa
400 1# - VEÁSE - NOMBRE DE PERSONA
- Personal name: Cano, María del Pilar Martínez López-
400 1# - VEÁSE - NOMBRE DE PERSONA
- Personal name: López-Cano, María del Pilar Martínez
400 1# - VEÁSE - NOMBRE DE PERSONA
- Personal name: Martínez López-Cano, Ma. del Pilar
- Fuller form of name: (María del Pilar)
400 1# - VEÁSE - NOMBRE DE PERSONA
- Personal name: Martínez López-Cano, Pilar
670 ## - FUENTE EN LA QUE SE LOCALIZARON DATOS
- Cita de la fuente: El crédito a largo plazo en ... 1995:
- Información localizada: portada (María del Pilar Martínez López-Cano)
670 ## - FUENTE EN LA QUE SE LOCALIZARON DATOS
- Cita de la fuente: Iglesia, estado y economía, siglos XVI al XIX, 1995:
- Información localizada: portada (María del Pilar Martínez López-Cano) cubierta (Ma. del Pilar Martínez López-Cano)
670 ## - FUENTE EN LA QUE SE LOCALIZARON DATOS
- Cita de la fuente: Reformas y resistencias en la Iglesia novohispana, 2013:
- Información localizada: portada (María del Pilar Martínez López-Cano) pagina 19 (María del Pilar Martínez López-Cano; Universidad Nacional Autónoma de México, Instituto de Investigaciones Históricas)
670 ## - FUENTE EN LA QUE SE LOCALIZARON DATOS
- Cita de la fuente: Universidad Nacional Autónoma de México, Instituto de Investigaciones Históricas, via WWW, Nov.26, 2015:
- Información localizada: (María del Pilar Martínez López-Cano; Doctora en Historia, Facultad de Filosofía y Letras, UNAM; Investigadora Titular B, tiempo completo, definitiva, SNI nivel II; Profesora de la asignatura México Colonial, licenciatura en Historia, Sistema de Universidad Abierta, Facultad de Filosofía y Letras, UNAM, Profesora del Seminario Historia Colonial. Estructura Económica, Posgrado en Historia, UNAM; Correo electrónico: malop@unam.mx)
- Uniform Resource Identifier: http://www.historicas.unam.mx/investigacion/martinezlopezcano.html
670 ## - FUENTE EN LA QUE SE LOCALIZARON DATOS
- Cita de la fuente: La dimensión imperial de la Iglesia novohispana, 2016:
- Información localizada: portada (María del Pilar Martínez López-Cano) página 14 (Pilar Martínez López-Cano)
670 ## - FUENTE EN LA QUE SE LOCALIZARON DATOS
- Cita de la fuente: Iglesia, estado y economía, 1995:
- Información localizada: portada (María del Pilar Martínez López-Cano)
902 ## - CATALOGADOR
- Catalogador: VAGG/191022
